Airlines that put orders on for the 777X - Statistics

General Stats
  • This quiz has been taken 107 times
    39 since last reset
  • The average score is 7 of 14
Answer Stats
Num. Airline % Correct
270 Emirates
97%
27 (LaunchCustomer) Lufthansa
94%
24 British Airways
85%
124 Qatar Airways
70%
10 Etihad Airways
55%
10 Air India
52%
20 Korean Air
48%
31 Singapore Airlines
45%
35 Cathay Pacific
42%
20 All Nippon Airways
33%
23 China Airlines
33%
8 Ethiopian Airlines
24%
2 Silk WayWest Airlines
6%
10 Cargolux
3%
No matching quizzes found
Score Distribution
Percent of People with Each Score
Percentile by Number Answered
Your Score History
You have not taken this quiz since the last reset